[Event "ZMDI-Open 2013"]
[Site "Dresden"]
[Date "2013.08.17"]
[Round "8"]
[White "Linnemann, N."]
[Black "Richter, L."]
[Result "1/2-1/2"]
[WhiteElo "1948"]
[BlackElo "2020"]
[PlyCount "91"]
[EventDate "2013.??.??"]

1. e4 c5 2. Nf3 d6 3. d4 cxd4 4. Nxd4 Nf6 5. Nc3 a6 6. Bg5 e6 7. f4 Nbd7 8. Qf3
Qc7 9. O-O-O b5 10. Bd3 Bb7 11. Rhe1 Qb6 12. Nb3 Rc8 13. Kb1 b4 14. Ne2 Be7 15.
g4 h6 16. Bxf6 Bxf6 17. Rf1 a5 18. g5 hxg5 19. fxg5 Ne5 20. Qf4 Be7 21. Nbd4
Rf8 22. Bb5+ Nc6 23. g6 f5 24. e5 d5 25. Bxc6+ Rxc6 26. Nxc6 Bxc6 27. Nd4 Bd7
28. h4 Rh8 29. Rh1 Qd8 30. h5 Bg5 31. Qf3 Rf8 32. c3 Qb8 33. Rhe1 Ke7 34. c4
dxc4 35. Nc6+ Bxc6 36. Qxc6 Qc8 37. Qd6+ Ke8 38. Qb6 c3 39. bxc3 bxc3 40. Kc2
Bd2 41. Rh1 Qc4 42. Qb8+ Kd7 43. Qd6+ Ke8 44. Qb8+ Kd7 45. Qd6+ Ke8 46. Qb8+
1/2-1/2

[Event "ZMDI-Open 2013"]
[Site "Dresden"]
[Date "2013.08.17"]
[Round "8"]
[White "Klaus, J."]
[Black "Urban, L."]
[Result "1/2-1/2"]
[WhiteElo "1916"]
[BlackElo "2127"]
[PlyCount "51"]
[EventDate "2013.??.??"]

1. d4 d5 2. c4 e6 3. Nc3 Nf6 4. Bg5 Nbd7 5. e3 Be7 6. Rc1 O-O 7. Nf3 b6 8. cxd5
exd5 9. Bd3 Bb7 10. O-O Ne4 11. Bxe7 Qxe7 12. Qc2 c5 13. Rfd1 f5 14. Bf1 Ndf6
15. h3 Rac8 16. dxc5 bxc5 17. Qa4 a6 18. Qb3 Kh8 19. a4 Nxc3 20. bxc3 Ne4 21.
c4 dxc4 22. Bxc4 Rb8 23. Qc2 f4 24. exf4 Rxf4 25. Bd5 Bxd5 26. Rxd5 1/2-1/2

[Event "ZMDI-Open 2013"]
[Site "Dresden"]
[Date "2013.08.17"]
[Round "8"]
[White "Scherer, F."]
[Black "Wilhelm, T."]
[Result "1-0"]
[WhiteElo "2072"]
[BlackElo "2013"]
[PlyCount "69"]
[EventDate "2013.??.??"]

1. e4 e5 2. Nf3 Nc6 3. d4 exd4 4. Nxd4 Nf6 5. Nc3 Bb4 6. Nxc6 bxc6 7. Bd3 d5 8.
exd5 cxd5 9. O-O O-O 10. Bg5 Be6 11. Qf3 Be7 12. h3 c6 13. Ne2 Qb6 14. b3 h6
15. Bf4 Nd7 16. Ng3 Bf6 17. Rae1 Rfe8 18. Nh5 c5 19. Bxh6 gxh6 20. Nxf6+ Nxf6
21. Qxf6 Bd7 22. Qf4 Kg7 23. Re3 Rxe3 24. fxe3 Rf8 25. Qe5+ f6 26. Qxd5 Be6 27.
Qe4 f5 28. Qe5+ Kg8 29. Rf3 Rf7 30. Rg3+ Kh7 31. Rf3 Kg8 32. Bxf5 Bxf5 33. Rxf5
Rxf5 34. Qxf5 Qa5 35. Qg6+ 1-0

[Event "ZMDI-Open 2013"]
[Site "Dresden"]
[Date "2013.08.17"]
[Round "8"]
[White "Herbrig, T."]
[Black "Grohde, W."]
[Result "1/2-1/2"]
[WhiteElo "1921"]
[BlackElo "2141"]
[PlyCount "100"]
[EventDate "2013.??.??"]

1. f4 d5 2. Nf3 g6 3. e3 Bg7 4. Be2 Nf6 5. O-O O-O 6. d3 c5 7. c3 Nc6 8. Qe1
Re8 9. Ne5 Qc7 10. d4 Ne4 11. Nd2 Nxd2 12. Bxd2 f6 13. Nxc6 Qxc6 14. a4 a6 15.
Bf3 Qd6 16. Qf2 Bf5 17. c4 Bd3 18. dxc5 Qxc5 19. Rfc1 dxc4 20. Bxb7 Ra7 21. b4
Qd6 22. Bf3 f5 23. Ra2 Rc7 24. Qe1 e5 25. Bc3 exf4 26. Bxg7 Rxg7 27. b5 Rxe3
28. Qa5 Qd4 29. Kh1 Rge7 30. Raa1 axb5 31. axb5 R3e5 32. h3 Kg7 33. Qb4 Qb6 34.
Bc6 R5e6 35. Qc3+ Kh6 36. Qh8 Qf2 37. Qf8+ Kg5 38. b6 Be4 39. Bxe4 Rxe4 40. b7
Re2 41. Qxe7+ Rxe7 42. b8=Q f3 43. Rg1 Kh5 44. Qd8 fxg2+ 45. Rxg2 Re1+ 46. Rxe1
Qxe1+ 47. Kh2 Qe5+ 48. Kg1 Qe1+ 49. Kh2 Qe5+ 50. Kg1 Qe1+ 1/2-1/2

[Event "ZMDI-Open 2013"]
[Site "Dresden"]
[Date "2013.08.17"]
[Round "8"]
[White "Niegsch, N."]
[Black "Schellmann, F."]
[Result "1/2-1/2"]
[WhiteElo "2004"]
[BlackElo "2121"]
[PlyCount "38"]
[EventDate "2013.??.??"]

1. Nf3 f5 2. d3 Nc6 3. e4 e5 4. Nc3 Bb4 5. Bg5 Nf6 6. exf5 d5 7. d4 e4 8. Nh4
O-O 9. Bb5 Ne7 10. O-O c6 11. Be2 Nxf5 12. f3 Qb6 13. Nxf5 Bxf5 14. Bxf6 Rxf6
15. fxe4 Bxc3 16. bxc3 Bxe4 17. Rxf6 gxf6 18. Rb1 Qc7 19. c4 Re8 1/2-1/2

[Event "ZMDI-Open 2013"]
[Site "Dresden"]
[Date "2013.08.17"]
[Round "8"]
[White "Gungl, T."]
[Black "Bösch, D."]
[Result "1-0"]
[WhiteElo "1948"]
[BlackElo "2077"]
[PlyCount "81"]
[EventDate "2013.??.??"]

1. e4 c5 2. Nf3 d6 3. d4 cxd4 4. Nxd4 Nf6 5. Nc3 a6 6. Bg5 e6 7. f4 Be7 8. Qf3
h6 9. Bh4 Nbd7 10. O-O-O Qc7 11. Bd3 g5 12. fxg5 Ne5 13. Qe2 Nfg4 14. h3 hxg5
15. hxg4 gxh4 16. Nf3 Qc5 17. Nxe5 Qxe5 18. Qf3 Bd7 19. Rhf1 Rh7 20. Kb1 O-O-O
21. Qe2 Bc6 22. Rf3 Rg7 23. Rdf1 f6 24. Bxa6 bxa6 25. Qxa6+ Bb7 26. Qa4 Rg5 27.
Nd5 exd5 28. Rc3+ Kb8 29. Rb3 Qxe4 30. Qc6 Rd7 31. Qxd7 d4 32. a3 Rc5 33. Rff3
Rc7 34. Qe8+ Rc8 35. Qd7 Qxc2+ 36. Ka2 Qc7 37. Qe6 Ka8 38. Rfd3 Qc4 39. Qxe7
Bd5 40. Qxd6 Rc7 41. Qd8+ 1-0

[Event "ZMDI-Open 2013"]
[Site "Dresden"]
[Date "2013.08.17"]
[Round "8"]
[White "Steinert, F."]
[Black "Schulz, M."]
[Result "1-0"]
[WhiteElo "1931"]
[BlackElo "2046"]
[PlyCount "81"]
[EventDate "2013.??.??"]

1. e4 c5 2. Nc3 e6 3. g3 Nc6 4. Bg2 Nf6 5. d3 Be7 6. Bg5 Nxe4 7. Bxe7 Nxc3 8.
Qg4 Kxe7 9. bxc3 Kf8 10. Qh5 d6 11. Nf3 Qf6 12. O-O h6 13. Nd2 g6 14. Qe2 d5
15. c4 dxc4 16. Bxc6 bxc6 17. Ne4 Qd4 18. Rfd1 f5 19. Nd2 Ke7 20. Nxc4 Bd7 21.
Ne5 Kf6 22. Nc4 Rhb8 23. Rac1 e5 24. Re1 Re8 25. Qd2 g5 26. Qa5 e4 27. Red1 Be6
28. c3 Qd5 29. Ne3 Qxa2 30. Qxc5 Red8 31. d4 Kg6 32. Ra1 Qe2 33. Qxc6 Kf7 34.
d5 Bd7 35. Qxh6 Rh8 36. Qd6 Ke8 37. Nf1 f4 38. Qg6+ Kf8 39. Re1 Qf3 40. Rxe4
Bh3 41. Qf6+ 1-0

[Event "ZMDI-Open 2013"]
[Site "Dresden"]
[Date "2013.08.17"]
[Round "8"]
[White "Ditmas, H."]
[Black "Schackmann, O."]
[Result "0-1"]
[WhiteElo "1997"]
[BlackElo "1903"]
[PlyCount "114"]
[EventDate "2013.??.??"]

1. d4 d5 2. c4 c6 3. Nf3 Nf6 4. Nc3 dxc4 5. a4 Bf5 6. Ne5 Nbd7 7. Nxc4 Nb6 8.
Ne5 a5 9. f3 Nfd7 10. Nxd7 Nxd7 11. e4 Bg6 12. Be3 e6 13. Bc4 Bb4 14. O-O Nf6
15. Qb3 O-O 16. Rfd1 Qb8 17. Rac1 Rd8 18. Ne2 e5 19. dxe5 Qxe5 20. Nf4 Qe7 21.
Kh1 Rd7 22. Rxd7 Nxd7 23. Qc2 Ne5 24. Bf1 f6 25. Nxg6 Nxg6 26. Bc5 Bxc5 27.
Qxc5 Qxc5 28. Rxc5 Kf8 29. g3 Ke7 30. f4 Kd6 31. Rc2 Re8 32. Bd3 Kc7 33. Kg2
Rd8 34. Bc4 Re8 35. Kf3 Re7 36. Rd2 Rd7 37. Rxd7+ Kxd7 38. h4 Kd6 39. Ke3 Kc5
40. b3 b5 41. axb5 cxb5 42. Bg8 h6 43. Bf7 Ne7 44. g4 a4 45. bxa4 bxa4 46. g5
fxg5 47. hxg5 hxg5 48. fxg5 Nc6 49. Kf4 a3 50. Kf5 Ne7+ 51. Kf4 Kd4 52. Ba2 g6
53. Bb3 Nc6 54. Bd5 Nb4 55. Bb3 a2 56. Bxa2 Nxa2 57. e5 Kd5 0-1

[Event "ZMDI-Open 2013"]
[Site "Dresden"]
[Date "2013.08.17"]
[Round "8"]
[White "Zahn, A."]
[Black "Scharff, K."]
[Result "1-0"]
[WhiteElo "1985"]
[BlackElo "2013"]
[PlyCount "91"]
[EventDate "2013.??.??"]

1. e4 e6 2. d4 d5 3. Nc3 Bb4 4. exd5 exd5 5. Bd3 Ne7 6. Nge2 Bg4 7. f3 Bh5 8.
O-O c6 9. Nf4 Bg6 10. Nxg6 hxg6 11. Ne2 Nd7 12. Bf4 Nf6 13. Ng3 Bd6 14. Bxd6
Qxd6 15. Qe2 O-O-O 16. Rfe1 Rde8 17. c3 Nh5 18. Nxh5 Rxh5 19. g3 Kd8 20. Qd2
Reh8 21. Re2 Ng8 22. b4 Nf6 23. b5 c5 24. dxc5 Qxc5+ 25. Kf1 b6 26. a4 Nd7 27.
Rd1 Ne5 28. Be4 Nc4 29. Qxd5+ Qxd5 30. Bxd5 Ne5 31. f4 Rxh2 32. Rxh2 Rxh2 33.
fxe5 Ke7 34. Rd4 f6 35. exf6+ gxf6 36. Bg2 Rh8 37. Rc4 Kd6 38. Rc6+ Ke5 39. Rc7
Rd8 40. Ke2 f5 41. Rxa7 Rc8 42. Bc6 g5 43. Rb7 Rh8 44. Rxb6 Rh2+ 45. Kf1 Rc2
46. a5 1-0

[Event "ZMDI-Open 2013"]
[Site "Dresden"]
[Date "2013.08.17"]
[Round "8"]
[White "Glasewald, S."]
[Black "Wolf, A."]
[Result "1/2-1/2"]
[WhiteElo "2075"]
[BlackElo "1988"]
[PlyCount "53"]
[EventDate "2013.??.??"]

1. d4 d5 2. Nc3 Nf6 3. Bg5 Nbd7 4. Nf3 h6 5. Bf4 c6 6. Ne5 e6 7. f3 Nxe5 8.
Bxe5 Bd6 9. Bxd6 Qxd6 10. Qd2 O-O 11. g4 e5 12. O-O-O exd4 13. Qxd4 Re8 14. h4
Qe5 15. Qd2 Qe3 16. g5 hxg5 17. hxg5 Nh7 18. f4 f6 19. Bg2 Qxd2+ 20. Rxd2 fxg5
21. e4 Be6 22. f5 Bf7 23. exd5 cxd5 24. Nxd5 Rad8 25. Ne7+ Kf8 26. Rxd8 Rxd8
27. Rxh7 1/2-1/2

[Event "ZMDI-Open 2013"]
[Site "Dresden"]
[Date "2013.08.17"]
[Round "8"]
[White "Scholz, R."]
[Black "Herbrig, A."]
[Result "1-0"]
[WhiteElo "1879"]
[BlackElo "1766"]
[PlyCount "39"]
[EventDate "2013.??.??"]

1. e4 e5 2. Nf3 Nc6 3. Bc4 Bc5 4. c3 Nf6 5. d3 d6 6. Bb3 O-O 7. Bg5 Be6 8. Nbd2
a5 9. Nf1 Qe7 10. Ng3 h6 11. Bh4 g5 12. Nxg5 hxg5 13. Bxg5 Bxb3 14. Qf3 Qe6 15.
Bxf6 Ba4 16. Nh5 Rfb8 17. Ng7 Qc8 18. Qh5 Ne7 19. Ne6 Ng6 20. Qh6 1-0

[Event "ZMDI-Open 2013"]
[Site "Dresden"]
[Date "2013.08.17"]
[Round "8"]
[White "Eilers, J."]
[Black "Osterloh, F."]
[Result "1/2-1/2"]
[WhiteElo "2009"]
[BlackElo "1752"]
[PlyCount "25"]
[EventDate "2013.??.??"]

1. e4 e5 2. Nc3 Nf6 3. g3 Bc5 4. Bg2 d6 5. Nge2 Nc6 6. O-O a6 7. d3 Be6 8. Nd5
Bxd5 9. exd5 Ne7 10. Bg5 Ng6 11. d4 exd4 12. Nxd4 O-O 13. Re1 1/2-1/2

[Event "ZMDI-Open 2013"]
[Site "Dresden"]
[Date "2013.08.17"]
[Round "8"]
[White "Nobis, A."]
[Black "Sauer, E."]
[Result "1/2-1/2"]
[WhiteElo "1759"]
[BlackElo "1901"]
[PlyCount "66"]
[EventDate "2013.??.??"]

1. e4 c5 2. Nc3 e6 3. Nf3 Nc6 4. d4 cxd4 5. Nxd4 a6 6. Be3 Nf6 7. f3 d6 8. Be2
Qc7 9. O-O b5 10. a4 b4 11. Na2 d5 12. exd5 Nxd5 13. Bf2 Bb7 14. Bc4 Na5 15.
Bd3 Bc5 16. Qd2 Qd6 17. Kh1 Nc6 18. Nxc6 Bxc6 19. Nc1 Bxf2 20. Rxf2 a5 21. Nb3
O-O 22. Re2 Rfd8 23. Qg5 h6 24. Qh4 Nf6 25. Nd2 Qc5 26. Qg3 Nh5 27. Qh4 Nf6 28.
Qg3 Rac8 29. Re5 Qa7 30. Nc4 Rd5 31. Rxd5 Bxd5 32. Nd6 Rd8 33. Nb5 Qb8 1/2-1/2

[Event "ZMDI-Open 2013"]
[Site "Dresden"]
[Date "2013.08.17"]
[Round "8"]
[White "Enache, R."]
[Black "Weißpflog, J."]
[Result "0-1"]
[WhiteElo "1696"]
[BlackElo "2037"]
[PlyCount "98"]
[EventDate "2013.??.??"]

1. e4 c5 2. Nf3 e6 3. d4 cxd4 4. Nxd4 a6 5. Be3 Nf6 6. Nc3 Bb4 7. Bd3 Qc7 8.
O-O Bxc3 9. bxc3 d5 10. exd5 Nxd5 11. Qf3 Nxe3 12. Qxe3 O-O 13. Rad1 Nd7 14.
Nf3 Nf6 15. Qd4 Bd7 16. c4 Bc6 17. Qe5 Rac8 18. Qxc7 Rxc7 19. Ne5 Ba4 20. Rd2
Nd7 21. Nxd7 Rxd7 22. Rfd1 Rfd8 23. Kf1 Kf8 24. Ke2 Bc6 25. f3 Ke7 26. Ke3 h5
27. h4 g6 28. f4 Rd6 29. Rb1 Kd7 30. c5 Rd5 31. c4 Rxc5 32. Bxg6+ Ke7 33. Bd3
Ra5 34. g3 Rg8 35. Kf2 f6 36. Re1 Ra3 37. Re3 b5 38. cxb5 axb5 39. Be2 Rxe3 40.
Kxe3 Rxg3+ 41. Kd4 Rg2 42. Ke3 Be8 43. Kf3 Rg4 44. Rd1 Bc6+ 45. Ke3 Rxh4 46.
Rb1 Bd5 47. Rxb5 Rh3+ 48. Kf2 Rh2+ 49. Ke3 Rxe2+ 0-1

[Event "ZMDI-Open 2013"]
[Site "Dresden"]
[Date "2013.08.17"]
[Round "8"]
[White "Sturm, F."]
[Black "Hartmann, T."]
[Result "0-1"]
[WhiteElo "1962"]
[BlackElo "2016"]
[PlyCount "59"]
[EventDate "2013.??.??"]

1. d4 Nf6 2. c4 c5 3. e3 e6 4. Nf3 d5 5. Nc3 a6 6. a3 Nc6 7. Be2 dxc4 8. Bxc4
b5 9. Bb3 c4 10. Bc2 Bb7 11. e4 b4 12. axb4 Bxb4 13. O-O O-O 14. Bg5 h6 15. Bh4
Ne7 16. Qe2 Rc8 17. Rfd1 Ng6 18. Bg3 Qb6 19. Ne5 Nxe5 20. Bxe5 Nd7 21. Bf4 Bd6
22. e5 Be7 23. Ne4 f5 24. exf6 Nxf6 25. Nxf6+ Bxf6 26. Be5 Qc6 27. f3 Qb6 28.
Kh1 Bd5 29. Qf2 Bxe5 30. dxe5 0-1

[Event "ZMDI-Open 2013"]
[Site "Dresden"]
[Date "2013.08.17"]
[Round "8"]
[White "Nixdorf, A."]
[Black "Barlage, T."]
[Result "1-0"]
[WhiteElo "1933"]
[BlackElo "1974"]
[PlyCount "133"]
[EventDate "2013.??.??"]

1. e4 c6 2. d4 d5 3. Nc3 dxe4 4. Nxe4 Bf5 5. Ng3 Bg6 6. h4 h6 7. h5 Bh7 8. Nf3
Nd7 9. Bd3 Bxd3 10. Qxd3 e6 11. Bd2 Qc7 12. O-O-O O-O-O 13. Qe2 Bd6 14. Ne4 Bf4
15. Rh4 Bxd2+ 16. Nexd2 Ne7 17. Nc4 g5 18. hxg6 Nxg6 19. Rhh1 Nf4 20. Qf1 Nd5
21. g3 c5 22. Nce5 Nxe5 23. dxe5 Qc6 24. Qe2 Qa4 25. Rd3 Qb5 26. Re1 Rd7 27.
Qe4 Qb4 28. a3 Qxe4 29. Rxe4 b6 30. Rg4 Kd8 31. c4 Nf6 32. Rxd7+ Nxd7 33. Kd2
Ke7 34. Ke3 a6 35. Rh4 f5 36. exf6+ Nxf6 37. Ne5 Rh7 38. g4 Kd6 39. f4 Rg7 40.
Kf3 Ng8 41. Rh2 b5 42. Rd2+ Kc7 43. b3 Nf6 44. cxb5 axb5 45. a4 bxa4 46. bxa4
Re7 47. Rh2 Ng8 48. a5 Kb7 49. Rb2+ Kc8 50. Rb6 Nf6 51. Rc6+ Kb7 52. Rxc5 Ka6
53. Rc8 Nd5 54. Rh8 Rb7 55. Ra8+ Kb5 56. Ke4 Nc7 57. Rh8 Kxa5 58. Nd3 Nd5 59.
Rxh6 Nc3+ 60. Kd4 Nb5+ 61. Ke5 Rd7 62. Nf2 Rd5+ 63. Kf6 Nd4 64. Rh5 Ne2 65.
Rxd5+ exd5 66. Ke5 Kb4 67. f5 1-0

[Event "ZMDI-Open 2013"]
[Site "Dresden"]
[Date "2013.08.17"]
[Round "8"]
[White "Pössel, C."]
[Black "Siegl, D."]
[Result "1-0"]
[WhiteElo "1956"]
[BlackElo "1888"]
[PlyCount "77"]
[EventDate "2013.??.??"]

1. d4 Nf6 2. c4 g6 3. Nc3 d5 4. Nf3 Bg7 5. Bf4 O-O 6. e3 Bg4 7. Qb3 Bxf3 8.
gxf3 dxc4 9. Qxb7 Nbd7 10. Qxc7 Qxc7 11. Bxc7 Rac8 12. Bg3 Nb6 13. O-O-O Rfd8
14. Be2 e6 15. Bh4 Rd7 16. Kb1 Nfd5 17. Ne4 Rdc7 18. Bg3 Rc6 19. Rc1 Bf8 20.
Nc3 a6 21. e4 Nf6 22. Bf4 Nfd7 23. Rc2 Bg7 24. Be3 Bf8 25. Rhc1 Bg7 26. d5 R6c7
27. dxe6 fxe6 28. f4 Rb8 29. Nd1 Rbc8 30. b3 Rb8 31. Bxc4 Nxc4 32. Rxc4 Rcb7
33. Rc8+ Rxc8 34. Rxc8+ Kf7 35. Ra8 Nb8 36. Nb2 Bf8 37. Nc4 Nc6 38. Rxa6 Nb4
39. Ne5+ 1-0

[Event "ZMDI-Open 2013"]
[Site "Dresden"]
[Date "2013.08.17"]
[Round "8"]
[White "Biastoch, B."]
[Black "Keeve, M."]
[Result "1/2-1/2"]
[WhiteElo "1640"]
[BlackElo "1932"]
[PlyCount "142"]
[EventDate "2013.??.??"]

1. e4 e5 2. Nf3 Nc6 3. Bc4 Bc5 4. b4 Bxb4 5. c3 Ba5 6. d4 exd4 7. O-O Nge7 8.
cxd4 O-O 9. d5 Nb8 10. d6 cxd6 11. Bb2 Nbc6 12. Na3 a6 13. Ng5 Ne5 14. Bxe5
dxe5 15. Qh5 h6 16. Nxf7 Rxf7 17. Qxf7+ Kh8 18. Rfd1 b5 19. Bd5 Rb8 20. Rd3
Nxd5 21. Qxd5 Bc7 22. Rc1 Rb6 23. Rdc3 Bb7 24. Qd3 Rd6 25. Qe2 Bb6 26. Nc2 Rf6
27. Ne3 Kh7 28. Qh5 Bd4 29. Ng4 Bxc3 30. Nxf6+ Qxf6 31. Rxc3 Bxe4 32. Re3 Bd5
33. a3 d6 34. Qd1 Bc4 35. Qc2+ g6 36. Qe4 Qf5 37. Qb7+ Kg8 38. h3 Qf7 39. Qxa6
Qc7 40. Qa8+ Kg7 41. a4 bxa4 42. Qxa4 Be6 43. Rd3 Kf6 44. Rf3+ Ke7 45. Qh4+ Kd7
46. Qxh6 Qc2 47. Qe3 Bf5 48. Qa7+ Kd8 49. Qa5+ Kd7 50. Qc3 Qb1+ 51. Kh2 Qb6 52.
Qd2 Qb1 53. Re3 Ke7 54. Ra3 Qb7 55. Qa2 Bd7 56. Ra7 Qb4 57. Qc2 Qb6 58. Qc7
Qxc7 59. Rxc7 d5 60. Kg3 d4 61. f3 Kd6 62. Rc1 Kd5 63. Kf2 Bb5 64. Ke1 e4 65.
fxe4+ Kxe4 66. Kd2 Kf4 67. Rb1 Bc6 68. Rb6 Bxg2 69. Rxg6 Bxh3 70. Rd6 Ke5 71.
Rxd4 Kxd4 1/2-1/2

[Event "ZMDI-Open 2013"]
[Site "Dresden"]
[Date "2013.08.17"]
[Round "8"]
[White "Dümmke, J."]
[Black "Mäder, J."]
[Result "1-0"]
[WhiteElo "2028"]
[BlackElo "1855"]
[PlyCount "69"]
[EventDate "2013.??.??"]

1. e4 c5 2. Nf3 d6 3. d4 cxd4 4. Qxd4 Nc6 5. Bb5 Bd7 6. Bxc6 Bxc6 7. Nc3 h6 8.
O-O e6 9. a4 Nf6 10. Rd1 Be7 11. b4 a6 12. Bb2 e5 13. Qd3 O-O 14. b5 axb5 15.
axb5 Rxa1 16. Rxa1 Qb6 17. bxc6 Qxb2 18. Rb1 Qa3 19. cxb7 Qa7 20. Nd5 Nxd5 21.
Qxd5 Rb8 22. g3 g6 23. Kg2 Kg7 24. Rb5 Qa6 25. c4 Kg8 26. Nd2 Bd8 27. h4 Bc7
28. h5 g5 29. Nf1 Kg7 30. Ne3 Rh8 31. Nf5+ Kf6 32. Rb3 g4 33. Ne3 Rg8 34. Qd1
Qa2 35. Nd5+ 1-0

[Event "ZMDI-Open 2013"]
[Site "Dresden"]
[Date "2013.08.17"]
[Round "8"]
[White "Schnoor, F."]
[Black "Kießling, A."]
[Result "1-0"]
[WhiteElo "1748"]
[BlackElo "1995"]
[PlyCount "77"]
[EventDate "2013.??.??"]

1. e4 c5 2. Nf3 d6 3. d4 cxd4 4. Nxd4 Nf6 5. Nc3 a6 6. Be3 e5 7. Nb3 Be6 8. f3
Be7 9. Qd2 O-O 10. O-O-O b5 11. g4 Nbd7 12. g5 Ne8 13. h4 Nb6 14. Na5 Rc8 15.
Nd5 Nxd5 16. exd5 Bxd5 17. Qxd5 Qxa5 18. Bd3 Nc7 19. Qe4 g6 20. h5 Qa4 21. c4
Ne6 22. b3 Qxa2 23. hxg6 Nxg5 24. gxf7+ Rxf7 25. Qg4 d5 26. c5 Rc7 27. Bxg5
Rxc5+ 28. Bc4 Rxc4+ 29. bxc4 Qxc4+ 30. Qxc4 Bxg5+ 31. f4 dxc4 32. fxg5 Rf5 33.
Rd7 Rxg5 34. Rhxh7 b4 35. Rh4 Rg1+ 36. Rd1 Rg3 37. Rxc4 a5 38. Rd5 Rg1+ 39. Kb2
1-0

[Event "ZMDI-Open 2013"]
[Site "Dresden"]
[Date "2013.08.17"]
[Round "8"]
[White "Reiche, N."]
[Black "Klein, G."]
[Result "1/2-1/2"]
[WhiteElo "1767"]
[BlackElo "1953"]
[PlyCount "43"]
[EventDate "2013.??.??"]

1. e4 c5 2. c3 Nf6 3. e5 Nd5 4. g3 Nc6 5. Bg2 e6 6. Nf3 d6 7. exd6 Qxd6 8. O-O
Be7 9. d4 cxd4 10. cxd4 O-O 11. Nbd2 Qd8 12. Nb3 Bd7 13. Bd2 Rc8 14. Rc1 a5 15.
Ne5 a4 16. Nxc6 Bxc6 17. Na5 Bb5 18. Re1 Qd7 19. b3 axb3 20. Nxb3 Rxc1 21. Qxc1
b6 22. Re5 1/2-1/2

[Event "ZMDI-Open 2013"]
[Site "Dresden"]
[Date "2013.08.17"]
[Round "8"]
[White "Schöhl, G."]
[Black "Wiewesiek, T."]
[Result "1-0"]
[WhiteElo "1909"]
[BlackElo "1704"]
[PlyCount "75"]
[EventDate "2013.??.??"]

1. Nf3 Nf6 2. c4 g6 3. b4 Bg7 4. Bb2 O-O 5. g3 c6 6. Bg2 d5 7. Na3 Na6 8. b5
cxb5 9. Nxb5 dxc4 10. O-O Nc7 11. Na3 Be6 12. Ne5 b5 13. d3 cxd3 14. exd3 Bd5
15. Bh3 e6 16. Nc2 a5 17. Ne3 Bb7 18. Rc1 Ncd5 19. Rc5 Nd7 20. Rxb5 Nxe5 21.
Rxb7 Nxe3 22. fxe3 Rb8 23. Rxb8 Qxb8 24. Ba3 Rd8 25. d4 Nc4 26. Bc1 Qb1 27. Qf3
f5 28. Qc6 Nd6 29. Qa4 Qb6 30. Bg2 Rc8 31. Qd7 Re8 32. Ba3 Kh8 33. Bxd6 Rd8 34.
Bc7 Rxd7 35. Bxb6 a4 36. Rc1 h5 37. Rc7 Rd6 38. Rc6 1-0

[Event "ZMDI-Open 2013"]
[Site "Dresden"]
[Date "2013.08.17"]
[Round "8"]
[White "Zienert, R."]
[Black "Schwarz, H."]
[Result "1-0"]
[WhiteElo "1845"]
[BlackElo "1905"]
[PlyCount "75"]
[EventDate "2013.??.??"]

1. e4 e5 2. Nf3 Nc6 3. Bb5 a6 4. Ba4 d6 5. c3 f5 6. exf5 Bxf5 7. O-O Be7 8. d4
b5 9. Bb3 e4 10. Bd5 Qd7 11. Ng5 Nf6 12. Bf7+ Kf8 13. Bb3 d5 14. f3 e3 15. f4
Bg4 16. Qd3 e2 17. Re1 Bd6 18. h3 Bh5 19. Nf3 Na5 20. Ne5 Qc8 21. Nd2 Nc4 22.
Ndf3 Be8 23. Qxe2 g6 24. Ng5 Kg7 25. Bc2 Bd7 26. Qf2 Rf8 27. Nxd7 Qxd7 28. Ne6+
Kg8 29. Nxf8 Rxf8 30. f5 Nh5 31. Bh6 Bg3 32. Qe2 Bxe1 33. Bxf8 Bxc3 34. bxc3
Kxf8 35. fxg6 hxg6 36. Bxg6 Nf6 37. Rf1 Kg7 38. Bd3 1-0

[Event "ZMDI-Open 2013"]
[Site "Dresden"]
[Date "2013.08.17"]
[Round "8"]
[White "Felger, K."]
[Black "Wong, G."]
[Result "0-1"]
[WhiteElo "1901"]
[BlackElo "1766"]
[PlyCount "54"]
[EventDate "2013.??.??"]

1. d4 Nf6 2. f4 g6 3. e3 Bg7 4. Bd3 O-O 5. Nf3 d6 6. e4 Nbd7 7. e5 Nd5 8. c4
Nb4 9. Be2 c5 10. a3 Na6 11. d5 dxe5 12. fxe5 Nxe5 13. Nbd2 Nxf3+ 14. Nxf3 Nc7
15. Ra2 a5 16. Be3 b6 17. O-O Ne8 18. Qc1 e6 19. Rd1 Qe7 20. b3 exd5 21. cxd5
Bb7 22. Rad2 Qxe3+ 23. Kh1 Nd6 24. Qc2 Ne4 25. Rd3 Nf2+ 26. Kg1 Nh3+ 27. Kh1
Qg1+ 0-1

[Event "ZMDI-Open 2013"]
[Site "Dresden"]
[Date "2013.08.17"]
[Round "8"]
[White "Nachtkamp, H."]
[Black "Schlegel, K."]
[Result "1-0"]
[WhiteElo "2086"]
[BlackElo "1749"]
[PlyCount "33"]
[EventDate "2013.??.??"]

1. d4 Nf6 2. Nf3 g6 3. c4 Bg7 4. e3 O-O 5. Be2 d6 6. O-O Nbd7 7. Nc3 e5 8. Qc2
Ng4 9. h3 Nh6 10. dxe5 Nxe5 11. Nxe5 Bxe5 12. e4 Qh4 13. Qd2 Ng4 14. Bxg4 Bxg4
15. Qh6 Bh5 16. Bg5 Bg7 17. Qxg7+ 1-0

[Event "ZMDI-Open 2013"]
[Site "Dresden"]
[Date "2013.08.17"]
[Round "8"]
[White "Mühle, H."]
[Black "Schott, V."]
[Result "0-1"]
[WhiteElo "1927"]
[BlackElo "1808"]
[PlyCount "54"]
[EventDate "2013.??.??"]

1. d4 d5 2. c4 e6 3. Nc3 Bb4 4. Qc2 c5 5. a3 Qa5 6. axb4 Qxa1 7. Nb5 Na6 8.
Nd6+ Ke7 9. bxc5 Nb4 10. Qd2 Bd7 11. b3 Na2 12. Kd1 Nxc1 13. Qxc1 Qxd4+ 14. Qd2
Qxc5 15. Nxb7 Qb6 16. Na5 Nf6 17. f3 Rab8 18. cxd5 Nxd5 19. e4 Ne3+ 20. Ke1
Rhd8 21. Nc4 Nxc4 22. Bxc4 Bb5 23. Qb4+ Ke8 24. Ne2 Bxc4 25. Qxc4 Qxb3 26. Qc6+
Rd7 27. Nd4 Qb6 0-1

[Event "ZMDI-Open 2013"]
[Site "Dresden"]
[Date "2013.08.17"]
[Round "8"]
[White "Renger, N."]
[Black "Richter, S."]
[Result "1/2-1/2"]
[WhiteElo "1667"]
[BlackElo "1843"]
[PlyCount "65"]
[EventDate "2013.??.??"]

1. e4 c5 2. Nf3 d6 3. d4 cxd4 4. Nxd4 Nf6 5. Nc3 g6 6. Be3 Bg7 7. f3 O-O 8. Qd2
Nc6 9. Bc4 Bd7 10. O-O-O Rc8 11. Bb3 Ne5 12. h4 Nc4 13. Bxc4 Rxc4 14. Kb1 Qc7
15. h5 Nxh5 16. Nd5 Qd8 17. g4 Nf6 18. Qh2 h5 19. Nxf6+ Bxf6 20. gxh5 g5 21.
Nb3 Kh7 22. Qd2 Rg8 23. Qd3 Qc8 24. Nc5 Rxc5 25. Bxc5 a6 26. Bd4 Bb5 27. Qe3
Bxd4 28. Rxd4 Qc5 29. Qd2 f6 30. Rd5 Qb6 31. c3 g4 32. fxg4 Rxg4 33. Qc2
1/2-1/2

[Event "ZMDI-Open 2013"]
[Site "Dresden"]
[Date "2013.08.17"]
[Round "8"]
[White "Herbrig, M."]
[Black "Würsig, M."]
[Result "1-0"]
[WhiteElo "1687"]
[BlackElo "1819"]
[PlyCount "79"]
[EventDate "2013.??.??"]

1. e4 d6 2. d4 g6 3. Nc3 Bg7 4. Be3 Nf6 5. f3 b6 6. Qd2 a6 7. Bd3 Nbd7 8. O-O-O
c5 9. g4 b5 10. Kb1 c4 11. Bf1 O-O 12. h4 b4 13. Nce2 c3 14. Qe1 Nb6 15. g5 Nh5
16. Ng3 Nxg3 17. Qxg3 cxb2 18. Bd3 Na4 19. Ne2 Bd7 20. h5 Bb5 21. hxg6 fxg6 22.
Qh3 Kf7 23. Qg4 Qc7 24. Nf4 Nc3+ 25. Kxb2 Bd7 26. Qg2 Nxd1+ 27. Rxd1 Qc3+ 28.
Kb1 Bxd4 29. Bxd4 Qxd4 30. Qe2 Qe5 31. Bc4+ Kg7 32. Nd5 Bb5 33. f4 Bxc4 34.
Qxc4 Qe6 35. Qd4+ Kf7 36. Nc7 Qd7 37. Nxa8 Qc6 38. Nb6 Ke8 39. Nd5 Kd7 40. Qa7+
1-0

[Event "ZMDI-Open 2013"]
[Site "Dresden"]
[Date "2013.08.17"]
[Round "8"]
[White "Altstadt, K."]
[Black "Kühnast, V."]
[Result "1-0"]
[WhiteElo "1815"]
[BlackElo "1936"]
[PlyCount "81"]
[EventDate "2013.??.??"]

1. e4 g6 2. d4 Bg7 3. Nc3 d6 4. Be3 Nh6 5. f3 f6 6. Qd2 Nf7 7. h4 h6 8. Bd3 e5
9. Nge2 Nc6 10. O-O-O exd4 11. Nxd4 Nxd4 12. Bxd4 Ne5 13. f4 Nxd3+ 14. Qxd3 Bg4
15. Rde1 O-O 16. f5 gxf5 17. exf5 Bh5 18. Nd5 c6 19. Nf4 Bf7 20. g4 Qa5 21. a3
Rae8 22. Bc3 Rxe1+ 23. Rxe1 Qd8 24. Ne6 Bxe6 25. Rxe6 Qb6 26. Bd4 c5 27. Bc3
Qc6 28. Qxd6 Qxd6 29. Rxd6 Rf7 30. Kd2 b6 31. Kd3 Kf8 32. b4 cxb4 33. axb4 Ke8
34. Re6+ Kd8 35. Ke4 Rc7 36. Bxf6+ Bxf6 37. Rxf6 Rxc2 38. Kd5 Rd2+ 39. Kc6 Rd4
40. Rd6+ Rxd6+ 41. Kxd6 1-0

[Event "ZMDI-Open 2013"]
[Site "Dresden"]
[Date "2013.08.17"]
[Round "8"]
[White "Leimeister, W."]
[Black "Schamschurko, A."]
[Result "1/2-1/2"]
[WhiteElo "1920"]
[BlackElo "1703"]
[PlyCount "121"]
[EventDate "2013.??.??"]

1. e4 e6 2. d3 d5 3. Nd2 Nf6 4. Ngf3 b6 5. g3 dxe4 6. dxe4 Bb7 7. Bb5+ c6 8.
Be2 c5 9. Bb5+ Nc6 10. O-O Be7 11. Re1 O-O 12. c3 Qc7 13. Qc2 a6 14. Bd3 e5 15.
Nf1 Nd8 16. Ne3 b5 17. c4 Nc6 18. Nd5 Qd8 19. cxb5 axb5 20. Nxf6+ Bxf6 21. Bxb5
Nd4 22. Nxd4 cxd4 23. Bd3 Qb6 24. b3 Rfc8 25. Qb1 Ba6 26. Bd2 h6 27. b4 Bxd3
28. Qxd3 Bg5 29. f4 exf4 30. gxf4 Bh4 31. Reb1 f5 32. Kg2 Qg6+ 33. Kh1 fxe4 34.
Qxd4 Bf6 35. Qd5+ Qf7 36. Qxe4 Bxa1 37. Rxa1 Rxa2 38. Rxa2 Qxa2 39. Qe3 Rd8 40.
Be1 Qd5+ 41. Kg1 Qd4 42. Kf2 Qxe3+ 43. Kxe3 Re8+ 44. Kf2 Kf7 45. Bc3 Rc8 46.
Bd2 Kf6 47. h3 Kf5 48. Kf3 Rc2 49. Ke3 Rb2 50. Bc3 Rb3 51. Kd4 g6 52. Kc4 Ra3
53. b5 Ra4+ 54. Bb4 Kxf4 55. b6 Ra6 56. Bd6+ Kf3 57. b7 Rb6 58. b8=Q Rxb8 59.
Bxb8 Kg2 60. h4 Kh3 61. Bf4 1/2-1/2